| 000 | 00742cam a2200205 4500 | ||
|---|---|---|---|
| 001 | WB3728-09 | ||
| 008 | 010718n2001 000 0 eng u | ||
| 035 | _a(Sirsi) u113684 | ||
| 245 | _a'Fiver frontier' hits values | ||
| 260 | _c2001 | ||
| 490 |
_aEstates Gazette _v(0128) 14 July 2001, 31(1) |
||
| 520 | _aRents are expected to increase on properties just outside the border of London's congestion charge zone, attracting developers to areas such as Southwark, Marble Arch and Camden Town. | ||
| 590 | _aWB | ||
| 650 | _aPROPERTY-COMMERCIAL PROPERTY-OFFICE PROPERTY-OFFICE PROPERTY MARKET | ||
| 650 | _aLONDON | ||
| 650 | _aCONGESTION CHARGING | ||
| 650 | _aOFFICE RENTS | ||
| 690 | _aPROPERTY-COMMERCIAL PROPERTY | ||
| 942 | _n0 | ||
| 999 |
_c67737 _d67737 |
||